000 01031 a2200313 4500
003 OSt
005 20180116192359.0
008 120702t xxu||||| |||| 00| 0 eng d
010 _a 2010280658
020 _a0714848883
020 _a9780714848884
035 _a(OCoLC)ocn277044653
040 _c0
082 0 4 _a709.2
100 1 _aSolakov, Nedko.
_94940
245 1 0 _aNedko Solakov :
_b99.99 fears /
_c[essay by Suzaan Boettger].
246 3 0 _a99.99 fears
246 3 0 _aNedko Solakov :
_b99 fears
246 3 0 _a99 fears
246 3 0 _aNinety-nine fears
260 _aLondon ;
_aNew York :
_bPhaidon Press,
_c2008.
300 _a99 p. of plates, [7] p. :
_bill. (some col.) ;
_c21 x 30 cm.
505 0 0 _aFears 2006-07 / by Nedko Solakov (me) -- Courage / by Suzaan Boettger.
600 1 0 _aSolakov, Nedko
_xThemes, motives.
_94941
650 1 0 _aFear in art.
_94942
700 1 _aBoettger, Suzaan,
_d1948-
_94943
942 _aSADA
_cBK
_k709.2 SOL 2008
_2ddc
999 _c353244
_d353244